Načítá se...
Leadership : Personal Effectiveness and Team Building
| Hlavní autor: | |
|---|---|
| Médium: | Printed Book |
| Vydáno: |
delhi
pearson
2014
|
| LEADER | 00441nam a22001337a 4500 | ||
|---|---|---|---|
| 020 | |a 9788131795705 | ||
| 082 | |a 658.4092 |b MIL/LE | ||
| 100 | |a Mittal,Ranjana | ||
| 245 | |a Leadership : Personal Effectiveness and Team Building | ||
| 260 | |a delhi |b pearson |c 2014 | ||
| 300 | |a 381p. | ||
| 942 | |c BK | ||
| 999 | |c 4535 |d 4535 | ||
| 952 | |0 0 |1 0 |4 0 |6 658_409200000000000_MIL_LE |7 0 |8 NFIC |9 5677 |a KUFOSSMEL |b KUFOSSMEL |c GEN |d 2016-06-02 |o 658.4092 MIL/LE |p 16629 |r 2016-06-02 |y BK | ||